Statistiques concernant Capitales avec la lettre R comme deuxième lettre

Cliquez ici pour prendre le quiz!

Statistiques générales

  • Ce quiz a été pris 534 fois
  • Le résultat moyen est 6 sur 13

Statistiques - réponses

Capitale% Correct
Brasilia
81%
Bruxelles
66%
Bratislava
60%
Prague
59%
Pristina
52%
Erevan
49%
Pretoria
45%
Tripoli
45%
Praia
40%
Sri Jayawardenepura
Kotte
40%
Brazzaville
34%
Bridgetown
34%
Freetown
34%

Distribution des résultats

Percentile par nombre de réponses

% des personnes avec chaque résultat

Votre développement - résultats

Vous n’avez pas pris ce quiz